Glossary of Literary Terms (Record no. 11151)
[ view plain ]
| 000 -LEADER | |
|---|---|
| fixed length control field | 00470nam a22001817a 4500 |
| 003 - CONTROL NUMBER IDENTIFIER | |
| control field | OSt |
| 008 - FIXED-LENGTH DATA ELEMENTS--GENERAL INFORMATION | |
| fixed length control field | 220415b ||||| |||| 00| 0 eng d |
| 020 ## - INTERNATIONAL STANDARD BOOK NUMBER | |
| International Standard Book Number | 978813526354 |
| 082 ## - DEWEY DECIMAL CLASSIFICATION NUMBER | |
| Classification number | 491.423 ABG |
| 100 ## - MAIN ENTRY--PERSONAL NAME | |
| Personal name | ABRAMS. m. H |
| 245 ## - TITLE STATEMENT | |
| Title | Glossary of Literary Terms |
| 250 ## - EDITION STATEMENT | |
| Edition statement | 11th edition |
| 260 ## - PUBLICATION, DISTRIBUTION, ETC. (IMPRINT) | |
| Place of publication, distribution, etc | Delhi |
| Name of publisher, distributor, etc | Cenage Learning India Pvt. Ltd |
| 300 ## - PHYSICAL DESCRIPTION | |
| Extent | 429 |
| 650 ## - SUBJECT ADDED ENTRY--TOPICAL TERM | |
| Topical term or geographic name as entry element | Glossary of Literary Terms English |
| 700 ## - ADDED ENTRY--PERSONAL NAME | |
| Personal name | HARPHAM, Geoffrey Galt |
| 942 ## - ADDED ENTRY ELEMENTS (KOHA) | |
| Source of classification or shelving scheme | Dewey Decimal Classification |
| Koha item type | Text Books |
| Withdrawn status | Lost status | Source of classification or shelving scheme | Damaged status | Not for loan | Collection code | Home library | Current library | Date acquired | Source of acquisition | Currency | Cost, normal purchase price | Bill Number | Total Checkouts | Full call number | Acc. no. / Barcode | Date last seen | Date last borrowed | Actual Cost, discounted price | Bill Date | Koha item type |
|---|---|---|---|---|---|---|---|---|---|---|---|---|---|---|---|---|---|---|---|---|
| Dewey Decimal Classification | B.A Hons. English | PIET NCR College Library | PIET NCR College Library | 01/04/2022 | Kirti Prakashan | Indian Rup | 299.00 | IN8 | 2 | 491.423 ABG | N2303 | 14/03/2024 | 28/02/2024 | 208.00 | 01/04/2022 | Text Books | ||||
| Dewey Decimal Classification | B.A Hons. English | PIET NCR College Library | PIET NCR College Library | 01/04/2022 | Kirti Prakashan | Indian Rup | 299.00 | IN8 | 2 | 491.423 ABG | N2304 | 15/03/2024 | 04/03/2024 | 208.00 | 01/04/2022 | Text Books |